Golpe: 1973-2013
Đã lưu trong:
| Những tác giả chính: | , |
|---|---|
| Định dạng: | Sách |
| Ngôn ngữ: | Tiếng Tây Ban Nha |
| Được phát hành: |
Santiago
El Buen Aire S.A
2013
|
| Phiên bản: | 1a. ed |
| Những chủ đề: | |
| Các nhãn: |
Thêm thẻ
Không có thẻ, Là người đầu tiên thẻ bản ghi này!
|
MARC
| LEADER | 00000cam a2200000 a 4500 | ||
|---|---|---|---|
| 001 | UCF9409 | ||
| 003 | CL-VaPUC | ||
| 008 | 131115e20130000cl |||||||||||||||||spa|d | ||
| 020 | |a 9789569370007 | ||
| 082 | 0 | 4 | |a 983.065 |b ACE |2 21 |
| 100 | 0 | |a Aceituno Morales, Roberto |e author |9 571697 | |
| 700 | 0 | |a Valenzuela, René |e author |9 571698 | |
| 245 | 1 | 0 | |a Golpe: 1973-2013 |
| 250 | |a 1a. ed | ||
| 300 | |a v | ||
| 942 | |c BK | ||
| 945 | |d 20131115 14:49:00 |a dcastane | ||
| 260 | |a Santiago |b El Buen Aire S.A |c 2013 | ||
| 650 | 0 | |a Historia de Chile 1973 |9 308179 | |
| 650 | 0 | |a Golpe militar |9 379681 | |
| 650 | 0 | |a Dictadura |9 341206 | |
| 583 | |a last modification |c 20190618 11:15:05 |k Rodrigo Vera | ||
| 999 | |c 353855 |d 353853 | ||
| 952 | |0 0 |1 0 |3 erb |4 0 |6 983_065000000000000_ACE_2013 |7 0 |8 A |9 459280 |a BIBHIS |b BIBHIS |h v.1 |i 5028426 |o 983.065 ACE 2013 |p 5028426 |r 2025-01-20 |w 2019-11-23 |y BK |z Catalogado en:20131115 |k HIS | ||